[Event "Superettan(Vaxjo-Stockholm)"]
[Site "?"]
[Date "2017.03.25"]
[Round "8"]
[White "Thorn, Eric"]
[Black "Christiansen, Johan-Sebastian"]
[Result "1/2-1/2"]
[WhiteElo "2279"]
[BlackElo "2428"]
[PlyCount "129"]
1. Nf3 d5 2. e3 Nf6 3. c4 e6 4. d4 a6 5. Nbd2 c5 6. Bd3 cxd4 7. exd4 Nc6 8. O-O
Be7 9. a3 h6 10. b4 dxc4 11. Nxc4 O-O 12. Bb2 b5 13. Ncd2 Qd5 14. Rc1 Bb7 15.
Re1 Rfd8 16. Bf1 Rac8 17. Nb3 Ba8 18. Nc5 a5 19. Bxb5 axb4 20. Bc4 Qh5 21. Nxe6
fxe6 22. Bxe6+ Kh8 23. Bxc8 bxa3 24. Ba1 Rxc8 25. Ne5 Qxd1 26. Rexd1 Nd5 27.
Ng6+ Kh7 28. Nxe7 Ncxe7 29. Rxc8 Nxc8 30. Rd3 Nf4 31. Rxa3 Bxg2 32. f3 Bh3 33.
Kf2 Be6 34. Ke3 Nd5+ 35. Ke4 Nf6+ 36. Ke3 Nb6 37. Ra6 Bc4 38. Ra7 Nbd5+ 39. Kd2
Ne8 40. Bb2 Nd6 41. Ke1 Nf4 42. Kd2 Bd5 43. Ke3 Ne6 44. Kf2 Nc4 45. Bc3 Kg6 46.
Bb4 Nb2 47. Bc5 Nd3+ 48. Ke3 Ndf4 49. Kf2 Ng5 50. Ra3 Nfe6 51. Be7 Nh3+ 52. Ke3
Nhf4 53. Bd6 Ng2+ 54. Kf2 Nh4 55. Be5 Ng5 56. Ra6+ Kh7 57. Ra7 Nf5 58. Rd7 Bxf3
59. h4 Bc6 60. Rc7 Ne4+ 61. Kf3 Bd5 62. Kg4 Ned6 63. Kf4 Ne8 64. Kxf5 Nxc7 65.
Bxc7 1/2-1/2

[Event "Superettan(Rockaden,Sthlm II-Orgryte)"]
[Site "?"]
[Date "2017.03.25"]
[Round "8"]
[White "Backman, Michael"]
[Black "Eksmyr, Johan"]
[Result "0-1"]
[WhiteElo "2147"]
[BlackElo "2166"]
[PlyCount "70"]
1. d4 Nf6 2. c4 g6 3. Nc3 d5 4. e3 Bg7 5. Nf3 O-O 6. Be2 c5 7. dxc5 Qa5 8. O-O
dxc4 9. e4 Rd8 10. Qc2 Bg4 11. Be3 Nc6 12. Rad1 Bxf3 13. gxf3 Nh5 14. Bxc4 Nd4
15. Bxd4 Bxd4 16. Ne2 Bxc5 17. Qb3 e6 18. Qxb7 Bxf2+ 19. Kxf2 Qc5+ 20. Rd4 Rxd4
21. Nxd4 Qxd4+ 22. Kg2 Rd8 23. Qc7 Qxb2+ 24. Rf2 Qd4 25. Bd5 Qf6 26. Bb3 Nf4+
27. Kg1 Nh3+ 28. Kg2 Nxf2 29. Kxf2 Qb2+ 30. Kg3 Qd4 31. Bd5 Qg1+ 32. Kh4 Qb6
33. Qxb6 axb6 34. Bb3 Rd2 35. h3 Rg2 0-1

[Event "Superettan(Horndal-Upsala)"]
[Site "?"]
[Date "2017.03.25"]
[Round "8"]
[White "Rorvall, Goran"]
[Black "Burwick, Malte"]
[Result "1/2-1/2"]
[WhiteElo "2165"]
[BlackElo "2251"]
[PlyCount "136"]
[SourceDate "2017.04.06"]
1. e4 g6 2. d4 Bg7 3. Nc3 d6 4. Nf3 a6 5. a4 b6 6. Bd3 e6 7. O-O Nd7 8. Bg5 Ne7
9. Qd2 h6 10. Be3 Bb7 11. b4 Nf6 12. Rae1 Ng4 13. Bf4 e5 14. dxe5 Nxe5 15. Nxe5
dxe5 16. Be3 h5 17. a5 b5 18. Bc5 O-O 19. Qg5 Nc8 20. Qg3 Nd6 21. Nd5 Re8 22.
f4 Bxd5 23. exd5 e4 24. Be2 Nf5 25. Qh3 Qxd5 26. Rd1 Qe6 27. g4 hxg4 28. Bxg4
Rad8 29. Bxf5 Qxf5 30. Qxf5 gxf5 31. Kf2 Bf6 32. Rg1+ Kh7 33. Ke3 Kh6 34. Bd4
Rxd4 35. Rxd4 Bxd4+ 36. Kxd4 Re6 37. Ke3 Rc6 38. Rg5 Rxc2 39. Rxf5 Kg6 40. Rg5+
Kf6 41. h4 Rc3+ 42. Kxe4 Rc4+ 43. Kf3 Rxb4 44. h5 Rb1 45. Rc5 b4 46. Rxc7 b3
47. Rc6+ Kg7 48. Rb6 b2 49. Kg2 Kh7 50. Kh2 Ra1 51. Rxb2 Rxa5 52. Kg3 Rxh5 53.
Rb7 Kg7 54. Kg4 Ra5 55. Ra7 Ra1 56. Kg5 a5 57. f5 Rg1+ 58. Kf4 Ra1 59. Kg5 a4
60. f6+ Kg8 61. Ra8+ Kh7 62. Ra7 a3 63. Rxf7+ Kg8 64. Ra7 a2 65. Ra8+ Kf7 66.
Ra7+ Ke8 67. Ra8+ Kf7 68. Ra7+ Kf8 1/2-1/2

[Event "Superettan(Vaxjo-Stockholm)"]
[Site "?"]
[Date "2017.03.25"]
[Round "8"]
[White "Lindahl, Emil"]
[Black "Lissang, Christopher"]
[Result "1/2-1/2"]
[WhiteElo "2180"]
[BlackElo "2338"]
[PlyCount "32"]
1. d4 Nf6 2. c4 e6 3. Nf3 Bb4+ 4. Bd2 c5 5. Bxb4 cxb4 6. g3 Nc6 7. Bg2 O-O 8.
O-O d6 9. a3 bxa3 10. Rxa3 e5 11. dxe5 dxe5 12. Nc3 Be6 13. Qa4 Nd7 14. Rd1 f5
15. Nd5 Rc8 16. Rda1 e4 1/2-1/2

[Event "Superettan(Upsala-Burgsvik)"]
[Site "?"]
[Date "2017.03.24"]
[Round "7"]
[White "Linusson, Pelle"]
[Black "Malm Lindberg, Henrik"]
[Result "1/2-1/2"]
[WhiteElo "2256"]
[BlackElo "2232"]
[PlyCount "73"]
1. d4 Nf6 2. c4 e6 3. g3 d5 4. Nf3 Be7 5. Bg2 O-O 6. O-O dxc4 7. Qc2 a6 8. Qxc4
b5 9. Qc2 Bb7 10. Bd2 Ra7 11. Rc1 Nc6 12. e3 Qa8 13. Qd1 Rd8 14. Qf1 Rc8 15.
Ne1 Nb8 16. Nd3 Nbd7 17. b4 Bd6 18. Bc3 Re8 19. Nd2 Ne4 20. Nxe4 Bxe4 21. Nc5
Bxc5 22. dxc5 Nf6 23. f3 Bc6 24. e4 Qb7 25. Qf2 e5 26. Rd1 Raa8 27. Rd2 Nd7 28.
Rad1 Nf8 29. Bh3 Re7 30. Qe3 Be8 31. Rd5 f6 32. a3 Bf7 33. Rd8 Re8 34. R8d2 Qc6
35. Kf2 Re7 36. Rd8 Re8 37. R8d2 1/2-1/2

[Event "Superettan(Stockholm-Orgryte)"]
[Site "?"]
[Date "2017.03.24"]
[Round "7"]
[White "Fransson, Patrick"]
[Black "Bergstrom, Rolf"]
[Result "1/2-1/2"]
[WhiteElo "2133"]
[BlackElo "2268"]
[PlyCount "125"]
1. d4 b6 2. c4 Bb7 3. Nc3 e6 4. Nf3 Bb4 5. a3 Bxc3+ 6. bxc3 Nf6 7. Bg5 h6 8.
Bf4 d6 9. h3 Nbd7 10. e3 Qe7 11. Be2 Ne4 12. Qc2 Ng5 13. Bxg5 hxg5 14. O-O-O
O-O-O 15. Ne1 Kb8 16. Bf3 d5 17. Qa4 c6 18. Nc2 Rc8 19. Kb2 Rc7 20. cxd5 cxd5
21. Nb4 Rhc8 22. Rc1 a5 23. Na2 Ka7 24. Be2 Ba6 25. Rhe1 Bc4 26. Bxc4 Rxc4 27.
Qb3 Qd6 28. f3 b5 29. e4 Nb6 30. exd5 Nxd5 31. Ka1 Qc6 32. Kb2 Nf4 33. Re3 Nxg2
34. Re5 Nf4 35. Rxb5 Qc7 36. Ka1 a4 37. Qd1 Rb8 38. Rxb8 Kxb8 39. Nb4 Qa5 40.
Rb1 Kc8 41. Qe1 Rc7 42. Rc1 Qb5 43. Qe4 Ne2 44. Qa8+ Kd7 45. c4 Rxc4 46. Rxc4
Qxc4 47. Qxa4+ Kd6 48. Qa8 Qxd4+ 49. Kb1 Qd1+ 50. Kb2 Qc1+ 51. Kb3 Qd1+ 52. Kb2
Qd2+ 53. Kb3 Nd4+ 54. Kc4 Qc1+ 55. Kxd4 e5+ 56. Kd3 Qd1+ 57. Kc4 Qe2+ 58. Kb3
Qd1+ 59. Kb2 Qd4+ 60. Kc1 Qe3+ 61. Kb1 Qb3+ 62. Kc1 Qe3+ 63. Kb1 1/2-1/2

[Event "Superettan(Upsala-Burgsvik)"]
[Site "?"]
[Date "2017.03.24"]
[Round "7"]
[White "Marttala, Thomas"]
[Black "Nygren, Kim"]
[Result "0-1"]
[WhiteElo "2181"]
[BlackElo "2213"]
[PlyCount "62"]
1. e4 c5 2. Nc3 a6 3. g3 b5 4. Bg2 Bb7 5. Nge2 e6 6. Nf4 Nc6 7. O-O h5 8. d3
Nf6 9. Re1 Ne5 10. h3 g5 11. Nfd5 Rg8 12. Nxf6+ Qxf6 13. Qxh5 Be7 14. f4 gxf4
15. Bxf4 Ng6 16. Be3 O-O-O 17. Rf1 Qg7 18. Qh6 Qe5 19. Bf4 Nxf4 20. Qxf4 Qd4+
21. Qf2 Rxg3 22. Ne2 Rxg2+ 23. Kxg2 Rg8+ 24. Kh1 Qh8 25. Qe3 f5 26. Rg1 Rf8 27.
Raf1 fxe4 28. Rxf8+ Bxf8 29. dxe4 Bxe4+ 30. Kh2 Bd6+ 31. Ng3 Bf5 0-1

[Event "Superettan(Stockholm-Orgryte)"]
[Site "?"]
[Date "2017.03.24"]
[Round "7"]
[White "Thorn, Eric"]
[Black "Eksmyr, Johan"]
[Result "1/2-1/2"]
[WhiteElo "2279"]
[BlackElo "2166"]
[PlyCount "93"]
1. Nf3 Nf6 2. c4 g6 3. Nc3 d5 4. cxd5 Nxd5 5. Qa4+ Bd7 6. Qh4 Nf6 7. e4 Bg7 8.
d4 c5 9. d5 e6 10. Be2 exd5 11. exd5 O-O 12. O-O b5 13. Bg5 Qb6 14. Ne5 b4 15.
Nc4 Qa6 16. Ne3 Qb6 17. d6 bxc3 18. Bxf6 cxb2 19. Rab1 Qxd6 20. Bxg7 Kxg7 21.
Rfd1 Qe5 22. Rd2 Be6 23. Bf3 Nc6 24. Bxc6 Rab8 25. Bd5 Rfd8 26. Qc4 Bf5 27.
Nxf5+ Qxf5 28. Be4 Qe5 29. Rxd8 Rxd8 30. Qc2 c4 31. Rxb2 c3 32. Rb1 Rd2 33. Qc1
Qd4 34. Qe1 Rxa2 35. Bf3 Rb2 36. Rd1 Rd2 37. g3 a5 38. Ra1 c2 39. Kg2 a4 40.
Rxa4 Rxf2+ 41. Qxf2 Qxa4 42. Qc5 Qa2 43. Qe5+ Kg8 44. Qe8+ Kg7 45. Qe5+ Kg8 46.
Qe8+ Kg7 47. Qe5+ 1/2-1/2

[Event "Superettan(Upsala-Burgsvik)"]
[Site "?"]
[Date "2017.03.24"]
[Round "7"]
[White "Larsson, Victor"]
[Black "Cederberg, Karl Olof"]
[Result "1-0"]
[WhiteElo "2153"]
[BlackElo "2209"]
[PlyCount "63"]
1. d4 d6 2. Nf3 Nf6 3. c4 Nc6 4. Nc3 Bg4 5. h3 Bxf3 6. gxf3 e5 7. d5 Ne7 8. h4
g6 9. f4 Bg7 10. fxe5 dxe5 11. e4 Nh5 12. Bg5 f6 13. Be3 f5 14. exf5 Nxf5 15.
Bg5 Qd6 16. Qa4+ Qd7 17. Qxd7+ Kxd7 18. Ne4 Raf8 19. O-O-O Nf4 20. Nc5+ Kc8 21.
Bxf4 exf4 22. Ne6 Rf7 23. Bh3 Bh6 24. h5 Kb8 25. hxg6 hxg6 26. Rdg1 Ne7 27. Bf1
Bg7 28. Rxh8+ Bxh8 29. Bd3 b6 30. Bxg6 Nxg6 31. Rxg6 Be5 32. Rg8+ 1-0

[Event "Superettan(Stockholm-Orgryte)"]
[Site "?"]
[Date "2017.03.24"]
[Round "7"]
[White "Subramanian, Aditya"]
[Black "Kassani, Sam"]
[Result "1/2-1/2"]
[WhiteElo "2044"]
[BlackElo "2126"]
[PlyCount "64"]
1. c4 c5 2. Nc3 g6 3. e3 Bg7 4. d4 cxd4 5. exd4 Nf6 6. Nf3 d5 7. cxd5 O-O 8.
Qb3 Nbd7 9. Be2 Nb6 10. d6 Qxd6 11. O-O Be6 12. Qb5 Rac8 13. Qe5 Qd8 14. Qg3
Bc4 15. Re1 Nbd5 16. Ne5 Bxe2 17. Rxe2 Qb6 18. Nxd5 Nxd5 19. Be3 Qb4 20. Rd2
Rfd8 21. Re1 Qa5 22. Rde2 Nxe3 23. Qxe3 Qxa2 24. b3 Qa6 25. h4 h5 26. Nxf7 Kxf7
27. Qxe7+ Kg8 28. Re6 Qd3 29. R1e4 Kh7 30. Qg5 Qd1+ 31. Kh2 Rf8 32. Qxg6+ Kh8
1/2-1/2

[Event "Superettan(Upsala-Burgsvik)"]
[Site "?"]
[Date "2017.03.24"]
[Round "7"]
[White "Johansson, Carl Fredrik"]
[Black "Akerman, Axel"]
[Result "0-1"]
[WhiteElo "2201"]
[BlackElo "2099"]
[PlyCount "90"]
1. d4 d5 2. c4 c6 3. cxd5 cxd5 4. Nc3 Nf6 5. Bf4 a6 6. e3 Nc6 7. Bd3 Bg4 8.
Nge2 e6 9. O-O Be7 10. h3 Bh5 11. Rc1 Rc8 12. Na4 Nb4 13. Rxc8 Qxc8 14. a3 Nxd3
15. Qxd3 O-O 16. Nc5 Bg6 17. Qb3 Bxc5 18. dxc5 Qd7 19. Rc1 Re8 20. Be5 Ne4 21.
Qb6 f6 22. Bh2 Rc8 23. f3 Ng5 24. Nd4 e5 25. c6 bxc6 26. Nxc6 Kh8 27. Rc3 Be8
28. Nb4 Rxc3 29. bxc3 Qa4 30. Kh1 a5 31. Qc5 Ne6 32. Qxd5 axb4 33. axb4 Qc6 34.
e4 Nc7 35. Qd3 Bf7 36. Bg1 Nb5 37. Bc5 h6 38. h4 Kh7 39. g4 h5 40. g5 Nc7 41.
Qe3 Ne6 42. Be7 Nf4 43. gxf6 gxf6 44. Kg1 Qe6 45. Bf8 Qa2 0-1

[Event "Superettan(Stockholm-Orgryte)"]
[Site "?"]
[Date "2017.03.24"]
[Round "7"]
[White "Wiander, Michael"]
[Black "Lauritzson, Peter"]
[Result "1-0"]
[WhiteElo "2252"]
[BlackElo "2133"]
[PlyCount "61"]
1. e4 c5 2. Nf3 Nc6 3. b4 cxb4 4. d4 d5 5. exd5 Qxd5 6. c4 bxc3 7. Nxc3 Qa5 8.
Bd2 e6 9. Nb5 Qd8 10. Bf4 Bb4+ 11. Nd2 Nxd4 12. Nc7+ Kf8 13. Nxa8 e5 14. Qa4 a5
15. a3 Bd7 16. Qd1 exf4 17. axb4 Qxa8 18. Ne4 Qa7 19. Nc5 b6 20. Qxd4 bxc5 21.
Qd6+ Ne7 22. Rxa5 Qb7 23. Qxc5 Qe4+ 24. Kd2 g6 25. Bd3 Qc6 26. Qd4 Rg8 27. Be4
Qe6 28. Ra8+ Be8 29. Re1 f6 30. Rxe8+ Kxe8 31. Bxg6+ 1-0

[Event "Superettan(Vaxjo-Horndal)"]
[Site "?"]
[Date "2017.03.24"]
[Round "7"]
[White "Olsson, Krister"]
[Black "Solodovnichenko, Yuri"]
[Result "0-1"]
[WhiteElo "2388"]
[BlackElo "2569"]
[PlyCount "90"]
[SourceDate "2017.04.05"]
1. d4 d5 2. c4 e6 3. Nc3 c6 4. e3 Nf6 5. Nf3 Nbd7 6. Qc2 Bd6 7. Be2 dxc4 8. a4
O-O 9. O-O e5 10. Bxc4 Qc7 11. h3 a5 12. e4 exd4 13. Nxd4 Ne5 14. Be2 Re8 15.
Be3 Ng6 16. Rfe1 Bb4 17. Bd3 Nf4 18. Nf3 Nxd3 19. Qxd3 h6 20. Bd4 Nh5 21. Qc2
Nf4 22. Re3 Ne6 23. Be5 Qe7 24. Ne2 Ng5 25. Nxg5 Qxe5 26. Nf3 Qc5 27. Qd1 Be6
28. Rc1 Rad8 29. Ned4 Qb6 30. Rd3 Bc5 31. Qd2 Bc8 32. Qc3 Bxd4 33. Nxd4 Rxe4
34. Rcd1 Rde8 35. Rg3 g6 36. Nf3 Qb4 37. Qc1 Kg7 38. b3 Qxb3 39. Qa1+ Kg8 40.
Rd6 R4e6 41. Rd4 Qc2 42. Rh4 Rd6 43. Kh2 Rd1 44. Qf6 Re6 45. Qf4 Qc1 0-1

[Event "Superettan(Vasteras-Kamraterna)"]
[Site "?"]
[Date "2017.03.24"]
[Round "7"]
[White "Aberg, Anton"]
[Black "Bergstrom, Peter"]
[Result "1/2-1/2"]
[WhiteElo "2382"]
[BlackElo "2280"]
[PlyCount "42"]
1. d4 d5 2. Bg5 Nf6 3. e3 c5 4. Bxf6 gxf6 5. Nc3 e6 6. Nf3 Nc6 7. Be2 f5 8.
dxc5 Bxc5 9. O-O Bd7 10. Nb5 a6 11. Nbd4 Qf6 12. c3 O-O 13. Ne1 Kh8 14. Nd3 Bd6
15. g3 Rg8 16. Kh1 Ne5 17. Nxe5 Bxe5 18. Nf3 Bd6 19. Qd4 Qxd4 20. cxd4 Rgc8 21.
Rfc1 Rxc1+ 1/2-1/2

[Event "Superettan(Schack 08-Rockaden,Sthlm II)"]
[Site "?"]
[Date "2017.03.24"]
[Round "7"]
[White "Kenneskog, Theodor"]
[Black "Ingbrant, Johan"]
[Result "1/2-1/2"]
[WhiteElo "2323"]
[BlackElo "2362"]
[PlyCount "147"]
1. d4 d5 2. c4 dxc4 3. e4 Nc6 4. Nf3 Nf6 5. Nc3 Bg4 6. d5 Ne5 7. Bf4 Nfd7 8.
Qd4 c5 9. Qe3 Bxf3 10. gxf3 g6 11. Be2 Qb6 12. O-O-O Bg7 13. Bh6 Nd3+ 14. Bxd3
Bd4 15. Qe2 cxd3 16. Rxd3 Ne5 17. Rdd1 c4 18. Be3 Nd3+ 19. Kb1 e5 20. dxe6 fxe6
21. h4 O-O-O 22. h5 Rhf8 23. hxg6 hxg6 24. Rhg1 Qb4 25. Bxd4 Rxd4 26. Rxg6 Nf4
27. Rxd4 Nxe2 28. Nxe2 Rxf3 29. a3 Qe1+ 30. Nc1 c3 31. Rg8+ Kc7 32. Rg7+ Kc6
33. Rc4+ Kd6 34. Rxb7 cxb2 35. Rxb2 Rxf2 36. Ka2 Rxb2+ 37. Kxb2 Qd2+ 38. Kb3
Ke5 39. a4 Qd1+ 40. Kb2 Qf1 41. Kb3 Kf4 42. Kb4 Ke3 43. Nb3 Qb1 44. a5 Qb2 45.
Rc7 Qe5 46. Rc4 a6 47. Nc5 Qb8+ 48. Kc3 Qb5 49. Nb3 Qe5+ 50. Kb4 Qd6+ 51. Kc3
e5 52. Rb4 Qd1 53. Rc4 Qe1+ 54. Kc2 Qf1 55. Kc3 Qf8 56. Kc2 Qa3 57. Kc3 Qd6 58.
Rb4 Qd3+ 59. Kb2 Qe2+ 60. Ka3 Qc2 61. Rb6 Qc4 62. Rb4 Qc3 63. Rb6 Kxe4 64. Rxa6
Kd3 65. Rd6+ Ke3 66. a6 Qc7 67. Re6 e4 68. Kb4 Kf4 69. Nc5 e3 70. Kc4 Qa5 71.
Re7 Kf3 72. a7 e2 73. Nd3 Qa4+ 74. Kc3 1/2-1/2

[Event "Superettan(Vaxjo-Horndal)"]
[Site "?"]
[Date "2017.03.24"]
[Round "7"]
[White "Christiansen, Johan-Sebastian"]
[Black "Angskog, Kent"]
[Result "1-0"]
[WhiteElo "2428"]
[BlackElo "2181"]
[PlyCount "241"]
[EventDate "2017.??.??"]
1. e4 c5 2. Nf3 g6 3. d4 Bg7 4. dxc5 Qa5+ 5. Bd2 Qxc5 6. Bc3 Nf6 7. Bd3 d6 8.
h3 O-O 9. Nbd2 Nc6 10. O-O Be6 11. Re1 b5 12. Nb3 Bxb3 13. axb3 Nd7 14. Bxg7
Kxg7 15. c3 a5 16. Bf1 Rfc8 17. Qd5 b4 18. Bb5 bxc3 19. bxc3 e6 20. Qxc5 Nxc5
21. b4 Nb7 22. Ra3 Na7 23. Ba6 axb4 24. cxb4 Rab8 25. e5 dxe5 26. Nxe5 Rc7 27.
Rd1 Rd8 28. Rb1 f6 29. Nd3 Nc8 30. b5 Nb6 31. Bxb7 Rxb7 32. Nc5 Re7 33. Ra6 Rb8
34. Nb3 Rd7 35. Rc1 Kf7 36. Rc6 Nd5 37. Nc5 Re7 38. Ra5 Rb6 39. Rxb6 Nxb6 40.
Ra6 Nd7 41. Nb7 f5 42. b6 Kf6 43. Nd8 Nc5 44. Ra8 Rd7 45. f4 g5 46. fxg5+ Kxg5
47. Rc8 Kf4 48. b7 Nxb7 49. Nxe6+ Ke5 50. Ng5 Kf4 51. Nf3 Nd6 52. Rc1 Ne4 53.
Rf1 Ng3 54. Ra1 Ne4 55. Kh2 Rb7 56. Ra5 Rf7 57. Nd4 h6 58. Ne6+ Ke3 59. Ra3+
Ke2 60. Nd4+ Ke1 61. Ra6 Kf2 62. Ra3 f4 63. Rf3+ Ke1 64. h4 Nd2 65. Ra3 Nf1+
66. Kg1 Ne3 67. Nf3+ Kd1 68. Ra2 Rg7 69. Kh1 Rg3 70. Ne5 Nf5 71. Ra1+ Ke2 72.
Ra2+ Kd1 73. Nf3 Rg4 74. Kh2 Nxh4 75. Kh3 Rxg2 76. Ra1+ Ke2 77. Nxh4 Rg3+ 78.
Kh2 Kd3 79. Ng2 Rg8 80. Nxf4+ Ke3 81. Nd5+ Kd4 82. Rd1+ Kc4 83. Ne3+ Kc3 84.
Rd6 h5 85. Rd5 h4 86. Rh5 Kd3 87. Ng2 Ke4 88. Rxh4+ Ke5 89. Kg1 Rf8 90. Ra4 Rf7
91. Ne3 Rf8 92. Ng4+ Ke6 93. Nf2 Kf5 94. Kf1 Re8 95. Nh1 Re3 96. Kf2 Rb3 97.
Ng3+ Ke5 98. Nf1 Rb8 99. Ne3 Rb2+ 100. Kf3 Rb3 101. Re4+ Kd6 102. Kf4 Rb8 103.
Nf5+ Kd5 104. Rd4+ Kc6 105. Rd1 Re8 106. Rc1+ Kd5 107. Ne3+ Kd6 108. Ng4 Rf8+
109. Ke4 Ra8 110. Rd1+ Ke6 111. Rd4 Ra5 112. Rb4 Ra1 113. Rb6+ Ke7 114. Ne3
Ra4+ 115. Ke5 Ra5+ 116. Nd5+ Kf7 117. Rd6 Rb5 118. Kf5 Ra5 119. Rd8 Rb5 120.
Rd7+ Ke8 121. Ke6 1-0

[Event "Superettan(Vasteras-Kamraterna)"]
[Site "?"]
[Date "2017.03.24"]
[Round "7"]
[White "Akesson, Ralf"]
[Black "Andreasson, Ingvar"]
[Result "1-0"]
[WhiteElo "2413"]
[BlackElo "2363"]
[PlyCount "105"]
1. d4 Nf6 2. c4 c5 3. d5 b5 4. cxb5 a6 5. bxa6 g6 6. Nc3 Bxa6 7. e4 Bxf1 8.
Kxf1 d6 9. g3 Bg7 10. Kg2 O-O 11. Nf3 Nbd7 12. a4 Qb6 13. Qc2 Rfb8 14. Nb5 Ne8
15. Bd2 Nc7 16. Nxc7 Qxc7 17. Bc3 Qb7 18. Rhb1 Qb3 19. Qxb3 Rxb3 20. Nd2 Rbb8
21. a5 Rb5 22. Nc4 Ra6 23. Kf1 Ne5 24. Bxe5 Bxe5 25. Ra3 Bd4 26. Ke2 e6 27. f3
Kf8 28. Kd3 Ke7 29. b3 f5 30. Ra4 fxe4+ 31. fxe4 Ra8 32. b4 Rf8 33. Nd2 e5 34.
bxc5 Rxc5 35. Rb7+ Kf6 36. Ra3 Rfc8 37. Rbb3 Rc1 38. a6 Bc5 39. Ra2 Kg5 40. h3
Rh1 41. Nf3+ Kh6 42. h4 Kh5 43. a7 Ra8 44. Rb7 Kg4 45. Ng5 Rg1 46. Ne6 Rxg3+
47. Kc4 Bxa7 48. Raxa7 Rxa7 49. Rxa7 h5 50. Rd7 Re3 51. Rxd6 Kxh4 52. Nc5 g5
53. Rg6 1-0

[Event "Superettan(Schack 08-Rockaden,Sthlm II)"]
[Site "?"]
[Date "2017.03.24"]
[Round "7"]
[White "Nyander, Joakim"]
[Black "Tuomainen, Felix"]
[Result "1/2-1/2"]
[WhiteElo "2260"]
[BlackElo "2223"]
[PlyCount "107"]
1. c4 c6 2. Nf3 d5 3. b3 Bg4 4. Bb2 Bxf3 5. gxf3 Nf6 6. e3 g6 7. Qc2 Bg7 8. Nc3
O-O 9. f4 e6 10. Be2 Nbd7 11. O-O-O a6 12. Kb1 b5 13. cxd5 cxd5 14. d4 b4 15.
Na4 Rc8 16. Qd2 Ne4 17. Qe1 Nb6 18. f3 Nxa4 19. fxe4 Nxb2 20. Kxb2 Qa5 21. Rc1
Qa3+ 22. Kb1 dxe4 23. Qd2 a5 24. Bb5 Rfd8 25. Rxc8 Rxc8 26. Rc1 Rxc1+ 27. Qxc1
Qxc1+ 28. Kxc1 Kf8 29. Bc6 f5 30. Kd2 Ke7 31. Ke2 h6 32. h3 Kd6 33. Bb7 g5 34.
fxg5 hxg5 35. Bc8 Bf6 36. Kf2 Bd8 37. Ke2 Bb6 38. Kf2 e5 39. Bxf5 exd4 40. exd4
Bxd4+ 41. Ke2 Ke5 42. Bg4 Bb6 43. Kd2 Kd4 44. Bh5 Bc7 45. Bg6 Bf4+ 46. Kc2 Ke3
47. Bf5 Bg3 48. Bg6 Kf3 49. Kd1 e3 50. Bh5+ Ke4 51. Kc2 Be5 52. Bg4 Kf4 53. Kd3
Bc7 54. Bh5 1/2-1/2

[Event "Superettan(Vaxjo-Horndal)"]
[Site "?"]
[Date "2017.03.24"]
[Round "7"]
[White "Rorvall, Goran"]
[Black "Rydstrom, Tom"]
[Result "1/2-1/2"]
[WhiteElo "2165"]
[BlackElo "2243"]
[PlyCount "168"]
[SourceDate "2017.04.05"]
1. e4 e5 2. Nf3 Nc6 3. Bb5 a6 4. Ba4 Nf6 5. O-O Bc5 6. d3 b5 7. Bb3 d6 8. Nc3
Bg4 9. Ne2 Bb6 10. c3 h6 11. Ng3 Rb8 12. h3 Bd7 13. Be3 Ne7 14. Bxb6 Rxb6 15.
Nh4 g5 16. Nhf5 Ng6 17. d4 Nf4 18. Ng7+ Kf8 19. N7h5 N6xh5 20. Nxh5 Nxh5 21.
Qxh5 Qf6 22. Rad1 Be6 23. Bxe6 Qxe6 24. d5 Qf6 25. Rd3 Kg7 26. Rf3 Qg6 27. Qg4
f6 28. h4 Rbb8 29. h5 Qf7 30. Rf5 Qe7 31. Qe2 Rhd8 32. Rc1 c6 33. dxc6 Rb6 34.
Rd1 Rxc6 35. Rf3 Qf7 36. Rfd3 Qxa2 37. Rd5 Rd7 38. Qg4 Rf7 39. Qf5 Qxb2 40.
Qg6+ Kf8 41. Qxh6+ Ke7 42. Qg6 b4 43. cxb4 Qxb4 44. Qf5 Qb8 45. Qf3 Rh7 46.
R5d3 Qc8 47. g4 Rf7 48. Kg2 Rf8 49. Rb3 Qd7 50. Rdb1 Rfc8 51. Rb7 R6c7 52. Rxc7
Rxc7 53. Qd1 Qc6 54. Qf3 Qd7 55. h6 Kf7 56. h7 Rc8 57. Kg3 Kg7 58. Qd3 Qc6 59.
Rh1 Rh8 60. Ra1 Ra8 61. Rh1 Rh8 62. Ra1 Kxh7 63. Rxa6 Qc1 64. Qf3 Qg1+ 65. Qg2
Qxg2+ 66. Kxg2 Rd8 67. Ra5 Kg6 68. Kf3 Kf7 69. Rd5 Ke6 70. Kg3 Rc8 71. Kf3 Rc3+
72. Ke2 Rc5 73. Rd3 d5 74. exd5+ Rxd5 75. Ra3 e4 76. Ke3 Ke5 77. f3 exf3 78.
Kxf3 f5 79. gxf5 Kxf5 80. Kg3 Rb5 81. Rf3+ Kg6 82. Ra3 Rc5 83. Rb3 Rd5 84. Ra3
Rc5 1/2-1/2

[Event "Superettan(Vasteras-Kamraterna)"]
[Site "?"]
[Date "2017.03.24"]
[Round "7"]
[White "Svenn, Gosta"]
[Black "Eriksson, Anders"]
[Result "1-0"]
[WhiteElo "2334"]
[BlackElo "2251"]
[PlyCount "81"]
1. d4 Nf6 2. c4 e6 3. Nf3 Bb4+ 4. Bd2 Qe7 5. g3 O-O 6. Bg2 Bxd2+ 7. Qxd2 d6 8.
Nc3 e5 9. O-O Re8 10. e4 Bg4 11. d5 Bxf3 12. Bxf3 c6 13. Bg2 cxd5 14. cxd5 Na6
15. Rfc1 Rec8 16. Qe3 Qd7 17. Bf1 Nc7 18. Rab1 b5 19. a3 a5 20. Na2 Rcb8 21. b4
axb4 22. Nxb4 Ra4 23. Rc6 Nfe8 24. Rbc1 Rb7 25. R1c3 g6 26. h4 Nf6 27. Qe2 Rba7
28. Qc2 Nfe8 29. Qd3 R4a5 30. Rb6 Ra8 31. Be2 Kg7 32. Bd1 f5 33. f3 fxe4 34.
fxe4 R5a7 35. Nc6 Ra6 36. Nb8 Qh3 37. Nxa6 Nxa6 38. Rb7+ Kh8 39. Qf3 Ng7 40.
Qf6 Rg8 41. Qxd6 1-0

[Event "Superettan(Schack 08-Rockaden,Sthlm II)"]
[Site "?"]
[Date "2017.03.24"]
[Round "7"]
[White "Zadruzny, Nicolaj"]
[Black "Laveryd, Peter"]
[Result "1-0"]
[WhiteElo "2257"]
[BlackElo "2381"]
[PlyCount "115"]
[SourceDate "2017.04.06"]
1. e4 Nc6 2. Nf3 d6 3. d4 Nf6 4. Nc3 Bg4 5. Be3 e6 6. d5 exd5 7. exd5 Ne5 8.
Be2 Ng6 9. h3 Bd7 10. Qd2 c5 11. g4 Qa5 12. g5 Ng8 13. h4 h5 14. O-O-O O-O-O
15. Qd3 N8e7 16. Bd2 Bf5 17. Qc4 a6 18. Qb3 Qb4 19. Qxb4 cxb4 20. Nb1 Nxd5 21.
Nd4 Bd7 22. f3 Be6 23. Bc4 Nc7 24. Bxe6+ fxe6 25. Bxb4 d5 26. Ba5 Nf4 27. Rhe1
Re8 28. Nc3 Bd6 29. Na4 Re7 30. c4 Na8 31. cxd5 Nxd5 32. Nxe6 Rhe8 33. Nxg7
Rxe1 34. Rxe1 Bf4+ 35. Kb1 Rg8 36. Nxh5 Bc7 37. Bxc7 Naxc7 38. Nc3 Rh8 39. Nxd5
Nxd5 40. Re5 Rxh5 41. Rxd5 Rxh4 42. Kc2 Rf4 43. g6 Rxf3 44. Rg5 Rf8 45. g7 Rg8
46. Kd3 Kd7 47. Kd4 Kd6 48. Rg6+ Ke7 49. Rb6 Rd8+ 50. Kc5 Rc8+ 51. Kb4 Rb8 52.
Rg6 Kf7 53. g8=Q+ Rxg8 54. Rxg8 Kxg8 55. Ka5 Kf7 56. Kb6 Ke6 57. Kxb7 a5 58. a4
1-0

[Event "Superettan(Vaxjo-Horndal)"]
[Site "?"]
[Date "2017.03.24"]
[Round "7"]
[White "Olofsson-Dolk, Mattis"]
[Black "Marcus, Hakan"]
[Result "1-0"]
[WhiteElo "2210"]
[BlackElo "2182"]
[PlyCount "91"]
1. d4 d5 2. c4 e6 3. Nc3 a6 4. cxd5 exd5 5. Bf4 c6 6. e3 Nf6 7. Bd3 Be7 8. Nge2
O-O 9. Qc2 Re8 10. O-O Nbd7 11. f3 Nf8 12. Rae1 b5 13. Ng3 Qb6 14. Kh1 g6 15.
Nge2 Bb7 16. Bg5 Rac8 17. b4 Kg7 18. Qb3 h6 19. Bh4 Qd8 20. Bg3 N6d7 21. e4 Nb6
22. e5 f5 23. exf6+ Bxf6 24. Qc2 Qd7 25. Bf2 Nc4 26. Bxc4 bxc4 27. Na4 Qf7 28.
f4 Nd7 29. f5 g5 30. Bg3 Qf8 31. Nc5 Nxc5 32. bxc5 Qf7 33. Qc3 Re4 34. Be5 Re8
35. Ng3 Rh4 36. Bxf6+ Kxf6 37. Rxe8 Qxe8 38. Re1 Qd8 39. Re6+ Kf7 40. Qe3 Bc8
41. Qe5 c3 42. Rg6 c2 43. Qg7+ Ke8 44. Qg8+ Kd7 45. Rg7+ Qe7 46. Qe6+ 1-0

[Event "Superettan(Vasteras-Kamraterna)"]
[Site "?"]
[Date "2017.03.24"]
[Round "7"]
[White "Norberg, Johan"]
[Black "Svensson, Bengt"]
[Result "1-0"]
[WhiteElo "2298"]
[BlackElo "2323"]
[PlyCount "107"]
1. e4 c5 2. Nf3 d6 3. d4 cxd4 4. Nxd4 Nf6 5. Nc3 a6 6. g3 e5 7. Nde2 b5 8. Bg2
Nbd7 9. O-O Be7 10. Be3 Bb7 11. a4 b4 12. Nd5 Nxd5 13. exd5 a5 14. c3 bxc3 15.
Nxc3 Ba6 16. Nb5 O-O 17. Qd2 Nc5 18. Bxc5 dxc5 19. d6 Rb8 20. Rfd1 Bg5 21. Qc3
Bxb5 22. axb5 Rxb5 23. Bf1 Rb4 24. Qxe5 Bf6 25. Qxc5 Bxb2 26. Rxa5 Rd4 27. Rb1
Rd2 28. Qb4 Rc2 29. Bd3 Rc1+ 30. Rxc1 Bxc1 31. Ra7 Bg5 32. Be4 g6 33. h4 Bf6
34. Qc5 Qe8 35. Re7 Qa4 36. Bc6 Qd1+ 37. Kg2 Bd4 38. Qd5 Qd2 39. Qf3 Kg7 40.
Bd5 Bf6 41. Rb7 h5 42. Rc7 Qb4 43. Bxf7 Qxd6 44. Qb7 Qxc7 45. Qxc7 Rxf7 46. Qd6
Rf8 47. f3 Rf7 48. Kh3 Bxh4 49. Kxh4 Rxf3 50. Qe5+ Kh7 51. Kg5 Rf5+ 52. Qxf5
gxf5 53. Kxh5 Kg7 54. Kg5 1-0

[Event "Superettan(Schack 08-Rockaden,Sthlm II)"]
[Site "?"]
[Date "2017.03.24"]
[Round "7"]
[White "Renman, Nils-Gustaf"]
[Black "Backman, Michael"]
[Result "1-0"]
[WhiteElo "2354"]
[BlackElo "2147"]
[PlyCount "85"]
1. d4 Nf6 2. Nf3 g6 3. c4 Bg7 4. Nc3 O-O 5. e4 d6 6. Be3 e5 7. dxe5 dxe5 8.
Qxd8 Rxd8 9. Nd5 Nxd5 10. cxd5 c6 11. Bc4 cxd5 12. Bxd5 Nc6 13. Ng5 Rd7 14.
O-O-O h6 15. Nf3 Rc7 16. Kb1 Ne7 17. Bb3 Bd7 18. Rc1 Rxc1+ 19. Rxc1 Bc6 20. Nd2
a5 21. a4 Rd8 22. f3 b5 23. axb5 Bxb5 24. Rc7 Bf6 25. Bc4 Bxc4 26. Nxc4 Rd1+
27. Kc2 Rh1 28. Bc5 Rxh2 29. Bxe7 Rxg2+ 30. Kd3 Bxe7 31. Rxe7 h5 32. Rxe5 h4
33. Rxa5 Rg1 34. b4 Rd1+ 35. Kc3 Rf1 36. Ne5 g5 37. Nd3 f6 38. b5 Rb1 39. Kc4
Kf7 40. Ra2 f5 41. Ra7+ Kf6 42. Ra6+ Kg7 43. exf5 1-0